01046nam a22001337a 4500008004100000020001500041050001500056100002400071245004900095260004700144300002800191500002000219505067300239200121b xxu||||| |||| 00| 0 eng d a9988010087 aKRX774.C84 aCrabbe, Samuel Azu. aLaw of wills in Ghana. /cSamuel Azu Crabbe. a Accra :bViesco Universal Limited,c1998. axl, 295 pages :c25 cm. aIncludes index. aContents: Will under customary law -- Is samansiw a universal institution in Ghana? -- The English wills Act (1837) -- The will Act, 1971 (Act 360) of Ghana -- Disposition of property -- Different kinds of gift a testator may make -- Beneficary under a will -- Devolution on the estate after death of testator -- Probate -- Jurisdiction for granting probate -- Proving a will -- The construction of a will by the court -- Granting of probate -- Probate from other countries -- Forms of probate -- Revocation of grant of probate (or letters of administration) -- Administration of the estate -- Duties, rights and liabilities of executors or personal representatives.